Capitaine équipe de France football. - Statistiques

Statistiques générales
  • Ce quiz a été pris 1 349 fois
  • Le résultat moyen est 8 sur 14
Statistiques - réponses
Nombre de capitanat Poste Année Joueur % Correct
113 Gardien 2008 - Hugo Lloris
100%
26 Milieu 1994-2006 Zinédine Zidane
90%
54 Milieu 1989-2000 Didier Deschamps
88%
16 Défenseur 2013 - Raphael Varane
85%
47 Milieu 1976-1987 Michel Platini
80%
21 Attaquant 1997-2010 Thierry Henry
76%
51 Défenseur 1993-2004 Marcel Desailly
73%
16 Défenseur 1994-2008 Lilian Thuram
68%
21 Milieu 1997-2009 Patrick Vieira
61%
24 Défenseur 1971-1983 Marius Trésor
36%
30 Défenseur 1982-1992 Manuel Amoros
17%
24 Défenseur 1964-1972 Jean Djorkaeff
11%
18 Attaquant 1920-1931 Paul Nicolas
4%
42 Défenseur 1947-1959 Roger Marche
4%
Aucun quiz correspondant
Distribution des résultats
% des personnes avec chaque résultat
Percentile par nombre de réponses
Votre historique - résultats
Vous n’avez pas pris ce quiz